Otázky a odpovede z elektrotechniky 3 /

Salvato in:
Dettagli Bibliografici
Autore principale: Meluzin, Hubert (Autore)
Natura: Libro
Lingua:slovacco
Pubblicazione: Bratislava : Alfa, 1987
Edizione:3.prepr.vyd.
Soggetti:
Tags: Aggiungi Tag
Nessun Tag, puoi essere il primo ad aggiungerne!!

MARC

LEADER 00000nam a22000003a 4500
001 stu39226
005 20150617225725.3
008 930114s1987----cs------------------slo-d
040 |a STU  |b slo 
041 0 |a slo 
044 |a cs 
080 |a 621.3(076.3) 
100 1 |a Meluzin, Hubert  |4 aut 
245 1 |a Otázky a odpovede z elektrotechniky 3 /  |c [aut.]Hubert Meluzin 
250 |a 3.prepr.vyd. 
260 |a Bratislava :  |b Alfa,  |c 1987 
300 |a 391 s 
650 7 |a elektrotechnika  |2 stusub 
650 7 |a otázky a odpovede  |2 stusub 
996 |b 284M004942  |c M*2892/3-1  |l MMKN  |s A  |a 24  |w stu39226_0001 
996 |b 284M004943  |c M*2892/3-2  |l MMKN  |s A  |a 24  |w stu39226_0002